书目信息 |
| 题名: |
在外交部八年的经历
|
|
| 作者: | 伍修权 著 | |
| 分册: | ||
| 出版信息: | 北京 世界知识出版社 1983 |
|
| 页数: | 111页 | |
| 开本: | 19cm | |
| 丛书名: | ||
| 单 册: | ||
| 中图分类: | D822.3 | |
| 科图分类: | ||
| 主题词: | 中外关系 | |
| 电子资源: | ||
| ISBN: | ||
| 000 | 00703nam0 2200253 45 | |
| 001 | 0183002893 | |
| 005 | 20070720082213.35 | |
| 010 | @dCNY0.40 | |
| 091 | @a3003.1691 | |
| 100 | @a19950527d1983 em y0chiy0121 ea | |
| 101 | 0 | @achi |
| 102 | @aCN@b110000 | |
| 105 | @af z 000ya | |
| 200 | 10 | @a在外交部八年的经历@Azai wai jiao bu ba nian de jing li@e1950.1-1958.10@f伍修权著@FWu Xiu Quan Zhu |
| 210 | @a北京@c世界知识出版社@d1983 | |
| 215 | @a111页@c照片@d19cm | |
| 517 | @a1950.1-1958.10 | |
| 600 | 0 | @a伍修权@x回忆录 |
| 606 | @a中外关系 | |
| 690 | @aD822.3@v3 | |
| 701 | 0 | @a伍修权@4著 |
| 801 | 2 | @aCN@bNLC@c20070720 |
| 801 | 0 | @aCN@b上海图书馆@c20040429 |
| 905 | @dD822.3@e13@f1@b104499 | |
| 在外交部八年的经历:1950.1-1958.10/伍修权著.-北京:世界知识出版社,1983 |
| 111页:照片;19cm |
| ISBN :CNY0.40 |
| ● |
| 相关链接 |
|
|
|
|
正题名:在外交部八年的经历
索取号:D822.3/13
 
预约/预借
| 序号 | 登录号 | 条形码 | 馆藏地/架位号 | 状态 | 备注 |
| 1 | 0104497 | 001023831 | 第一借阅区/ [索取号:D822.3/13] | 在馆 | |
| 2 | 0104498 | 001023822 | 第一借阅区/ [索取号:D822.3/13] | 在馆 | |
| 3 | 0104499 | 001023813 | 第一样本阅览室/ [索取号:D822.3/13] | 在馆 | |
| 4 | 0213280 | 001023840 | 第一借阅区/ [索取号:D822.3/13] | 在馆 | |
| 5 | 0213281 | 001023859 | 第一借阅区/ [索取号:D822.3/13] | 在馆 | |
| 6 | 0213282 | 001024420 | 第一借阅区/ [索取号:D822.3/13] | 在馆 | |
| 7 | 0770126 | 207701263 | 密集书库/ [索取号:D822.3/13] | 在馆 |